|
|
|
|
| LEADER |
00000nam0a2200000 4500 |
| 001 |
181188 |
| 005 |
20231031171012.0 |
| 035 |
|
|
|a (RuTPU)RU\TPU\book\196410
|
| 090 |
|
|
|a 181188
|
| 100 |
|
|
|a 20100602d1949 km y0rusy50 ca
|
| 101 |
0 |
|
|a rus
|
| 102 |
|
|
|a RU
|
| 105 |
|
|
|a a z 001zy
|
| 200 |
1 |
|
|a Блуминги и слабинги
|f А. А. Александров
|g под ред. А. И. Целикова
|
| 210 |
|
|
|a Москва
|c Металлургиздат
|d 1949
|
| 215 |
|
|
|a 247 с.
|c ил.
|
| 320 |
|
|
|a Библиогр.: с. 246-247.
|
| 610 |
1 |
|
|a станы
|
| 610 |
1 |
|
|a обжимные станы
|
| 610 |
1 |
|
|a блуминги
|
| 610 |
1 |
|
|a слабинги
|
| 610 |
1 |
|
|a общие сведения
|
| 610 |
1 |
|
|a конструкции
|
| 610 |
1 |
|
|a прокат
|
| 610 |
1 |
|
|a окалина
|
| 610 |
1 |
|
|a смазка
|
| 610 |
1 |
|
|a зачистка
|
| 610 |
1 |
|
|a валки
|
| 610 |
1 |
|
|a калибровка
|
| 610 |
1 |
|
|a производительность
|
| 675 |
|
|
|a 621.771.22
|v 3
|
| 700 |
|
1 |
|a Александров
|b А. А.
|
| 702 |
|
1 |
|a Целиков
|b А. И.
|4 340
|
| 801 |
|
1 |
|a RU
|b 63413507
|c 20100602
|
| 801 |
|
2 |
|a RU
|b 63413507
|c 20170901
|g RCR
|
| 942 |
|
|
|c BK
|